المعارف التراثية فى صحارى الوطن العربى / (رقم التسجيلة. 111963)

تفاصيل مارك
000 -LEADER
fixed length control field 01118cam a2200241 a 4500
003 - CONTROL NUMBER IDENTIFIER
control field EG-GiCUC
008 - FIXED-LENGTH DATA ELEMENTS--GENERAL INFORMATION
fixed length control field 090408s2006 ts a g 000 0 ara d
040 ## - CATALOGING SOURCE
Original cataloging agency EG-GiCUC
Language of cataloging ara
Transcribing agency EG-GiCUC
092 04 - LOCALLY ASSIGNED DEWEY CALL NUMBER (OCLC)
Classification number 577.540956
Item number B3282
Edition number 21
099 ## - LOCAL FREE-TEXT CALL NUMBER (OCLC)
Classification number 04
-- 577.540956 B3282
100 1# - MAIN ENTRY--PERSONAL NAME
Personal name البتانونى : ك. ح. :
Dates associated with a name 1936-
245 12 - TITLE STATEMENT
Title المعارف التراثية فى صحارى الوطن العربى /
Statement of responsibility, etc. كمال الدين حسن البتانونى
260 ## - PUBLICATION, DISTRIBUTION, ETC.
Place of publication, distribution, etc. دبى :
Name of publisher, distributor, etc. جائزة زايد الدولية للبيئة :
Date of publication, distribution, etc. 2006
300 ## - PHYSICAL DESCRIPTION
Extent 350ص :
Other physical details ايض ؛
Dimensions 22سم
440 #0 - SERIES STATEMENT/ADDED ENTRY--TITLE
Title سلسلة عالم البيئة
650 #7 - SUBJECT ADDED ENTRY--TOPICAL TERM
Topical term or geographic name entry element البيئة الصحراوية
General subdivision زراعة
Geographic subdivision العالم العربى
Source of heading or term qrmak
650 #7 - SUBJECT ADDED ENTRY--TOPICAL TERM
Topical term or geographic name entry element البيئة الصحراوية
Geographic subdivision العالم العربى
General subdivision الجوانب البيئية
Source of heading or term qrmak
902 ## - LOCAL DATA ELEMENT B, LDB (RLIN)
No. of Items 4
905 ## - LOCAL DATA ELEMENT E, LDE (RLIN)
Cataloger عبير
Reviser مدخل
942 ## - ADDED ENTRY ELEMENTS (KOHA)
Source of classification or shelving scheme Dewey Decimal Classification
Koha item type Books
المقتنيات
Source of classification or shelving scheme Not for loan Home library Current library Date acquired Full call number Barcode Date last seen Copy number Koha item type
Dewey Decimal Classification   المكتبة المركزبة الجديدة - جامعة القاهرة قاعة المكتبات المهداة - الدور الرابع 11.02.2024 577.540956 B3282 c.1 K.B. 01000103001089000 23.06.2024 C.1 Books
Dewey Decimal Classification   المكتبة المركزبة الجديدة - جامعة القاهرة قاعة المكتبات المهداة - الدور الرابع 11.02.2024 577.540956 B3282 c.2 K.B. 01000103001479000 23.06.2024   Books
Dewey Decimal Classification   المكتبة المركزبة الجديدة - جامعة القاهرة مخزن الكتب - البدروم 11.02.2024 577.540956 B3282 c.1 Store 01000100155654000 23.09.2023   Books
Dewey Decimal Classification   المكتبة المركزبة الجديدة - جامعة القاهرة مخزن الكتب - البدروم 11.02.2024 577.540956 B3282 c.2 Store 01000100155655000 23.09.2023   Books
Cairo University Libraries Portal Implemented & Customized by: Eng. M. Mohamady Contacts: new-lib@cl.cu.edu.eg | cnul@cl.cu.edu.eg
CUCL logo CNUL logo
© All rights reserved — Cairo University Libraries
CUCL logo
Implemented & Customized by: Eng. M. Mohamady Contact: new-lib@cl.cu.edu.eg © All rights reserved — New Central Library
CNUL logo
Implemented & Customized by: Eng. M. Mohamady Contact: cnul@cl.cu.edu.eg © All rights reserved — Cairo National University Library